Les 20 joueurs avec le plus de trophées d'homme du match en LDC. - Statistiques

Statistiques générales
  • Ce quiz a été pris 939 fois
  • Le résultat moyen est 13 sur 20
Statistiques - réponses
Trophées Joueurs Clubs % Correct
40 Cristiano Ronaldo Man UnitedReal Madrid Juventus
100%
67 Lionel Messi BarcaPSG
100%
13 Karim Benzema LyonReal Madrid
97%
23 Neymar BarcaPSG
94%
21 Robert Lewandowski DortmundBayern Barca
94%
10 Kylian Mbappe MonacoPSG
93%
12 Riyad Mahrez LeicesterMan City
81%
11 Angel Di Maria BenficaReal Madrid Man United PSG
79%
12 Zlatan Ibrahimovic BarcaMilan PSG Man United
77%
9 Antoine Griezmann Real SociedadAtletico Madrid Barca
76%
10 Gareth Bale TottenhamReal Madrid
73%
10 Sadio Mane SalzbourgLiverpool Bayern
66%
9 Toni Kroos BayernReal Madrid
54%
10 Raheem Sterling Man CityChelsea
48%
9 Hulk PortoZenith
44%
9 Thiago BarcaBayern Liverpool
43%
10 Arjen Robben Bayern
38%
9 Edin Dzeko WolfsburgMan City Roma Inter
37%
12 Willian ShakhtarChelsea
24%
8 Nicolas Gaitan BenficaAtletico Madrid
3%
Aucun quiz correspondant
Distribution des résultats
% des personnes avec chaque résultat
Percentile par nombre de réponses
Votre historique - résultats
Vous n’avez pas pris ce quiz